[Event "Landesklasse Ost 2011/2012"]
[Site "?"]
[Date "2011.12.04"]
[Round "4"]
[White "Stockum, René"]
[Black "Krabel, Stefan"]
[Result "0-1"]
[WhiteElo "1763"]
[BlackElo "1848"]
[PlyCount "50"]
[EventDate "2011.??.??"]
[WhiteTeam "SV Medizin Erfurt"]
[BlackTeam "SV Jenapharm Jena"]

1. d4 d5 2. c4 e6 3. Nc3 c6 4. Nf3 Nf6 5. Bg5 dxc4 6. a4 Bb4 7. e4 c5 8. e5
cxd4 9. Nxd4 Qa5 10. Ndb5 Ne4 11. Bd2 Nxd2 12. Qxd2 O-O 13. Qe3 Nd7 14. f4 Nb6
15. Kd1 Rd8+ 16. Kc2 Nd5 17. Qf3 a6 18. Na3 Bxc3 19. Nxc4 Qc5 20. bxc3 Bd7 21.
Nd6 Bc6 22. Kd2 Nf6 23. Qd3 Ne4+ 24. Kc2 Nxd6 25. Rd1 Be4 0-1

[Event "Landesklasse Ost 2011/2012"]
[Site "?"]
[Date "2011.12.04"]
[Round "4"]
[White "Wolf, Jürgen"]
[Black "Stumm, Rainer"]
[Result "1-0"]
[WhiteElo "1674"]
[BlackElo "1587"]
[PlyCount "71"]
[EventDate "2011.??.??"]
[WhiteTeam "SV Jenapharm Jena"]
[BlackTeam "SV Medizin Erfurt"]

1. e4 e6 2. f4 d5 3. e5 b6 4. Nf3 Bb7 5. c3 Be7 6. d3 Nc6 7. g3 Nh6 8. Bg2 Nf5
9. O-O Qd7 10. Na3 a5 11. Nc2 Ba6 12. a4 Rc8 13. g4 Nh4 14. Nxh4 Bxh4 15. Rf3
Be7 16. Qe1 Nd8 17. f5 c5 18. Qg3 d4 19. c4 Bb7 20. Rf2 Bc6 21. b3 Qc7 22. Bf4
Bxg2 23. Rxg2 Nc6 24. Na3 Na7 25. Rf1 Qc6 26. Nb1 Kd7 27. Nd2 Rce8 28. Ne4 f6
29. Re2 Bd8 30. Nd6 Re7 31. exf6 gxf6 32. fxe6+ Rxe6 33. Rxe6 Kxe6 34. Re1+ Kd7
35. g5 Be7 36. Qg4+ 1-0

[Event "Landesklasse Ost 2011/2012"]
[Site "?"]
[Date "2011.12.04"]
[Round "4"]
[White "Schmidt, Uwe"]
[Black "Heunemann, Dieter"]
[Result "1/2-1/2"]
[WhiteElo "1980"]
[BlackElo "1866"]
[PlyCount "51"]
[EventDate "2011.??.??"]
[WhiteTeam "SV Medizin Erfurt"]
[BlackTeam "SV Jenapharm Jena"]

1. Nc3 c5 2. d3 Nc6 3. g3 g6 4. Bg2 Bg7 5. f4 d6 6. e4 e5 7. h3 Nge7 8. Nf3 O-O
9. O-O f5 10. Kh2 h6 11. Be3 b6 12. Qd2 Kh7 13. Rae1 Rb8 14. Nd5 Nd4 15. c3
Nxf3+ 16. Bxf3 Nc6 17. Bg2 Be6 18. Qe2 Qd7 19. Rf2 Rf7 20. Ref1 Rbf8 21. a3 Ne7
22. Bd2 Qb7 23. Ne3 Qd7 24. Nd5 Qb7 25. Ne3 Qd7 26. Nd5 1/2-1/2

[Event "Landesklasse Ost 2011/2012"]
[Site "?"]
[Date "2011.12.04"]
[Round "4"]
[White "Jung, Florian"]
[Black "Spittel, Ulrich"]
[Result "1-0"]
[WhiteElo "1819"]
[BlackElo "1848"]
[PlyCount "85"]
[EventDate "2011.??.??"]
[WhiteTeam "SV Jenapharm Jena"]
[BlackTeam "SV Medizin Erfurt"]

1. e4 d6 2. d4 Nf6 3. Nc3 g6 4. f4 Bg7 5. e5 dxe5 6. fxe5 Nd5 7. Nf3 O-O 8. Bc4
Be6 9. Bxd5 Bxd5 10. O-O Nc6 11. Nxd5 Qxd5 12. Be3 Rad8 13. Qe2 Qe4 14. Rae1
Nb4 15. Rf2 Nd5 16. Qd2 Nxe3 17. Rxe3 Qd5 18. Ra3 a6 19. Ra5 Qd7 20. Qb4 c6 21.
Qb3 Qc7 22. Rc5 e6 23. a4 Qe7 24. a5 Rd7 25. Qe3 Rfd8 26. h3 Rxd4 27. Rc3 Rd1+
28. Kh2 R1d5 29. Rb3 Qc7 30. Re2 Rxa5 31. c4 Ra1 32. Qa7 Rd7 33. Qa8+ Bf8 34.
Ng5 Kg7 35. Rf3 h6 36. Nxe6+ fxe6 37. Rxf8 g5 38. Rg8+ Kh7 39. Rh8+ Kg6 40.
Qg8+ Kf5 41. Rxh6 Rf7 42. Qh7+ Rxh7 43. Rf6# 1-0

[Event "Landesklasse Ost 2011/2012"]
[Site "?"]
[Date "2011.12.04"]
[Round "4"]
[White "Seele, Hartmut"]
[Black "Vater, Rainer"]
[Result "0-1"]
[WhiteElo "1703"]
[BlackElo "1763"]
[PlyCount "96"]
[EventDate "2011.??.??"]
[WhiteTeam "SV Medizin Erfurt"]
[BlackTeam "SV Jenapharm Jena"]

1. e4 d5 2. Nc3 dxe4 3. Nxe4 Nf6 4. Nxf6+ gxf6 5. d4 e5 6. Be3 Bd6 7. Bc4 Qe7
8. Ne2 Nd7 9. c3 Nb6 10. Bb3 Bd7 11. Qd3 c6 12. O-O-O e4 13. Qd2 Nd5 14. Bxd5
cxd5 15. Bf4 O-O-O 16. Rhe1 Rhg8 17. Bg3 f5 18. Qh6 Bxg3 19. hxg3 f6 20. Nf4
Be8 21. Rh1 Bg6 22. Rde1 Rd7 23. Rh4 Qd6 24. Re3 Qa6 25. Rh1 Qxa2 26. Ree1 Qa1+
27. Kc2 Qa4+ 28. Kb1 Rd6 29. Nxg6 hxg6 30. Qh7 Qe8 31. Kc2 Rd7 32. Qh4 g5 33.
Qh6 Qf7 34. Qh3 Qe6 35. f3 Re8 36. Re2 Rde7 37. Rhe1 Qd7 38. fxe4 dxe4 39. Qh6
Re6 40. Qg6 Qa4+ 41. Kb1 Qa5 42. c4 Kd8 43. d5 Ra6 44. Kc2 Qa2 45. Kc3 Rb6 46.
Qxf5 Rb3+ 47. Kd4 Rd3+ 48. Kc5 Qa5+ 0-1

[Event "Landesklasse Ost 2011/2012"]
[Site "?"]
[Date "2011.12.04"]
[Round "4"]
[White "Schlachetka, Werner"]
[Black "Liebold, Thomas"]
[Result "1/2-1/2"]
[WhiteElo "1901"]
[BlackElo "2041"]
[PlyCount "34"]
[EventDate "2011.??.??"]
[WhiteTeam "SV Schott Jena"]
[BlackTeam "TSV Zeulenroda"]

1. e4 e6 2. d4 d5 3. e5 c5 4. Nf3 cxd4 5. Bd3 Nc6 6. O-O Qc7 7. Bf4 Nge7 8. Re1
Bd7 9. Bg3 Nb4 10. Nxd4 Nxd3 11. Qxd3 Nc6 12. c3 Qb6 13. Nd2 Nxd4 14. cxd4 Be7
15. f4 O-O 16. Bf2 Rac8 17. Nb3 Rc7 1/2-1/2

[Event "Landesklasse Ost 2011/2012"]
[Site "?"]
[Date "2011.12.04"]
[Round "4"]
[White "Skibbe, Diana"]
[Black "Jordan, Gunter"]
[Result "1-0"]
[WhiteElo "1961"]
[BlackElo "1856"]
[PlyCount "42"]
[EventDate "2011.??.??"]
[WhiteTeam "TSV Zeulenroda"]
[BlackTeam "SV Schott Jena"]

1. e4 b6 2. d4 e6 3. Bd3 Bb7 4. Nf3 d6 5. O-O g6 6. b3 Bg7 7. Bb2 Nf6 8. Nbd2
Nc6 9. d5 Ne7 10. dxe6 fxe6 11. e5 Ng4 12. Nd4 Nxe5 13. Nxe6 Qd7 14. Nxg7+ Kf7
15. Ne4 Kxg7 16. f4 N7c6 17. Bc4 Rhf8 18. Ng5 Kh6 19. fxe5 Kxg5 20. Qd2+ Kh4
21. Qh6+ Kg4 1-0

[Event "Landesklasse Ost 2011/2012"]
[Site "?"]
[Date "2011.12.04"]
[Round "4"]
[White "Osterloh, Felix"]
[Black "Ahnert, Toni"]
[Result "1/2-1/2"]
[WhiteElo "1743"]
[BlackElo "1926"]
[PlyCount "78"]
[EventDate "2011.??.??"]
[WhiteTeam "SV Schott Jena"]
[BlackTeam "TSV Zeulenroda"]

1. e4 c5 2. Nf3 d6 3. d3 Nc6 4. Nbd2 g6 5. g3 Bg7 6. Bg2 e6 7. O-O Nge7 8. Re1
O-O 9. Nf1 d5 10. e5 b6 11. h4 Bb7 12. N1h2 Nf5 13. Bg5 Qc7 14. Ng4 h6 15. Bf6
Nce7 16. Bxg7 Kxg7 17. Nf6 h5 18. Qd2 Rh8 19. Qg5 Kf8 20. g4 hxg4 21. Qxg4 Ng7
22. Ng5 Nh5 23. Qxe6 fxe6 24. Nxe6+ Kf7 25. Nxc7 Rad8 26. Nxh5 Rxh5 27. Bf3
Rxh4 28. Kg2 Nf5 29. c4 Nd4 30. Bxd5+ Bxd5+ 31. Nxd5 Rdh8 32. Re4 Rh2+ 33. Kg3
R2h3+ 34. Kg2 Rh2+ 35. Kg3 R8h3+ 36. Kg4 Rh4+ 37. Kg3 R4h3+ 38. Kg4 Rh4+ 39.
Kg3 R4h3+ 1/2-1/2

[Event "Landesklasse Ost 2011/2012"]
[Site "?"]
[Date "2011.12.04"]
[Round "4"]
[White "Barth, Christian"]
[Black "Werner, Ernst"]
[Result "1/2-1/2"]
[WhiteElo "1788"]
[BlackElo "1804"]
[PlyCount "25"]
[EventDate "2011.??.??"]
[WhiteTeam "TSV Zeulenroda"]
[BlackTeam "SV Schott Jena"]

1. e4 e5 2. Nf3 Nc6 3. d4 exd4 4. Nxd4 Qh4 5. Nc3 Bb4 6. Qd3 Nf6 7. Ndb5 Ba5 8.
Bd2 Nb4 9. Qc4 Nxc2+ 10. Kd1 Nxa1 11. g3 Qg4+ 12. Be2 Qg6 13. f4 1/2-1/2

[Event "Landesklasse Ost 2011/2012"]
[Site "?"]
[Date "2011.12.04"]
[Round "4"]
[White "Richter, Gerhard"]
[Black "Wolfram, Thomas"]
[Result "1-0"]
[WhiteElo "2034"]
[BlackElo "1788"]
[PlyCount "120"]
[EventDate "2011.??.??"]
[WhiteTeam "SV Schott Jena"]
[BlackTeam "TSV Zeulenroda"]

1. Nf3 d5 2. g3 e6 3. Bg2 Bd6 4. d4 Nd7 5. c4 c6 6. Nbd2 f5 7. O-O Nh6 8. Ne1
O-O 9. Nd3 Qf6 10. cxd5 exd5 11. Nf3 Nf7 12. h4 h6 13. Bf4 Be7 14. Nfe5 g5 15.
Nxd7 Bxd7 16. hxg5 hxg5 17. Be5 Nxe5 18. Nxe5 Be8 19. f4 Kg7 20. e3 Rh8 21. g4
Qh6 22. Qf3 fxg4 23. Nxg4 Qh4 24. f5 Bf6 25. Nxf6 Kxf6 26. e4 dxe4 27. Qxe4
Qxe4 28. Bxe4 Rh4 29. Rae1 Bf7 30. Rf2 Rg4+ 31. Rg2 Rxg2+ 32. Kxg2 Bxa2 33. Rh1
Bf7 34. Kf3 Re8 35. Rh6+ Kg7 36. Rd6 g4+ 37. Kf4 g3 38. Bf3 g2 39. Bxg2 Re2 40.
f6+ Kf8 41. Bf3 Re8 42. Rd7 Rb8 43. Ke5 Re8+ 44. Kf4 Rb8 45. Bg4 a5 46. Ke5 b5
47. Kd6 b4 48. Ra7 Bd5 49. Bh5 Kg8 50. Rxa5 Kh7 51. Ra7+ Kh6 52. Be2 Kg6 53.
Ke7 Be4 54. f7 Kg7 55. Bc4 Bg6 56. Kd6 Be4 57. f8=Q+ Kxf8 58. Rf7+ Ke8 59. Re7+
Kf8 60. Rxe4 Rd8+ 1-0

[Event "Landesklasse Ost 2011/2012"]
[Site "?"]
[Date "2011.12.04"]
[Round "4"]
[White "Werner, Daniel"]
[Black "Holtz, Peter"]
[Result "1-0"]
[WhiteElo "1695"]
[BlackElo "1773"]
[PlyCount "93"]
[EventDate "2011.??.??"]
[WhiteTeam "TSV Zeulenroda"]
[BlackTeam "SV Schott Jena"]

1. e4 Nf6 2. Nc3 d5 3. exd5 Nxd5 4. Nxd5 Qxd5 5. Nf3 Bg4 6. Be2 Nc6 7. O-O
O-O-O 8. d3 e5 9. Be3 Kb8 10. a3 h6 11. Nxe5 Qxe5 12. Bxg4 Bd6 13. g3 g5 14. d4
Qg7 15. Bf3 Ne7 16. c3 g4 17. Bg2 h5 18. f4 gxf3 19. Qxf3 c6 20. Qxf7 Qg4 21.
Bf4 Ng6 22. Bxd6+ Rxd6 23. Qf5 Qe2 24. Rf2 Qe3 25. Qf3 Qg5 26. Re1 Rf8 27. Qe3
Qa5 28. Rxf8+ Nxf8 29. Qe8+ Rd8 30. Qe5+ Qc7 31. Qxc7+ Kxc7 32. Re7+ Rd7 33.
Rxd7+ Kxd7 34. Bf3 h4 35. gxh4 Kd6 36. Kf2 Ke6 37. h5 Kf5 38. h3 Kg5 39. Kg3
Nd7 40. h4+ Kf6 41. Kf4 Nb6 42. b3 a5 43. a4 Nc8 44. Be4 Ne7 45. h6 b5 46. h7
Kg7 47. Ke5 1-0

[Event "Landesklasse Ost 2011/2012"]
[Site "?"]
[Date "2011.12.04"]
[Round "4"]
[White "Schulz, Uwe"]
[Black "Wolf, Christian"]
[Result "1-0"]
[WhiteElo "1715"]
[BlackElo "1755"]
[PlyCount "117"]
[EventDate "2011.??.??"]
[WhiteTeam "SV Schott Jena"]
[BlackTeam "TSV Zeulenroda"]

1. Nf3 c5 2. g3 d5 3. Bg2 Nf6 4. d3 Nc6 5. O-O Bg4 6. Nbd2 e6 7. Re1 Be7 8. h3
Bh5 9. Nf1 O-O 10. g4 Bg6 11. Bf4 Bd6 12. Qd2 e5 13. Bg3 e4 14. Nh4 Bxg3 15.
Nxg3 Qe7 16. Nhf5 Qe5 17. f4 Qe6 18. dxe4 Nxe4 19. Nxe4 dxe4 20. Ng3 f5 21.
gxf5 Bxf5 22. e3 Rad8 23. Qc3 b6 24. Qb3 c4 25. Qb5 Kh8 26. Rad1 Rxd1 27. Rxd1
Bxh3 28. Rd5 Bxg2 29. Kxg2 g6 30. Qxc4 Re8 31. b4 Kg8 32. Qb5 a6 33. Qc4 Ne7
34. Rd4 Nf5 35. Nxf5 gxf5 36. Qxa6 Qg6+ 37. Kf2 Kh8 38. Qb5 Qh5 39. Ke1 Qh1+
40. Kd2 Qg2+ 41. Kc1 Qg1+ 42. Kb2 Qg6 43. Rd5 Rf8 44. Kb3 h5 45. Rd2 Kh7 46.
Rh2 Kg7 47. Qd7+ Rf7 48. Qd2 Kf8 49. Rg2 Qe6+ 50. Kb2 Ke7 51. Rg8 Qf6+ 52. c3
Rf8 53. Rg5 Rh8 54. Qd5 Rd8 55. Qxf5 Rd2+ 56. Kb3 Qxf5 57. Rxf5 h4 58. Rh5 Rh2
59. Kc4 1-0

[Event "Landesklasse Ost 2011/2012"]
[Site "?"]
[Date "2011.12.04"]
[Round "4"]
[White "Riemer, Marion"]
[Black "Flechsig, Bernd"]
[Result "1/2-1/2"]
[WhiteElo "1733"]
[BlackElo "1692"]
[PlyCount "24"]
[EventDate "2011.??.??"]
[WhiteTeam "TSV Zeulenroda"]
[BlackTeam "SV Schott Jena"]

1. e4 b6 2. d4 Bb7 3. Nc3 e6 4. Bd3 Ne7 5. Nf3 d6 6. O-O g6 7. Bg5 Bg7 8. Re1
h6 9. Bh4 g5 10. Bg3 Ng6 11. e5 d5 12. h3 a6 1/2-1/2

[Event "Landesklasse Ost 2011/2012"]
[Site "?"]
[Date "2011.01.08"]
[Round "5"]
[White "Zeuner, Ulrich"]
[Black "Liebisch, Dieter"]
[Result "1-0"]
[WhiteElo "1949"]
[BlackElo "1963"]
[PlyCount "121"]
[EventDate "2011.??.??"]
[WhiteTeam "SV Medizin Erfurt"]
[BlackTeam "MTV 1876 Saalfeld"]

1. e4 Nf6 2. d3 d6 3. f4 c5 4. Nf3 Nc6 5. Be2 g6 6. O-O Bg7 7. a4 O-O 8. Na3 a6
9. c4 Qb6 10. Rb1 Bd7 11. b3 Rad8 12. h3 Nh5 13. Kh2 f5 14. exf5 gxf5 15. Nc2
e5 16. g3 Nf6 17. Nh4 e4 18. Bb2 Ne7 19. Ne3 d5 20. cxd5 Nfxd5 21. Nc4 Qh6 22.
Qc1 Bd4 23. Ng2 Nc6 24. Nce3 Be6 25. dxe4 fxe4 26. Ng4 Qg7 27. f5 Bc8 28. Bc4
Kh8 29. Nh4 Nf6 30. Nxf6 Qxf6 31. Ng6+ Kg7 32. Nxf8 Kxf8 33. Be6 Bd7 34. Qxc5+
Kg7 35. Bxd4 Nxd4 36. Qc7 Nxe6 37. fxe6 Qxe6 38. g4 Rc8 39. Qg3 e3 40. Rbe1
Rc2+ 41. Kg1 Bc6 42. Rxe3 Qxe3+ 43. Qxe3 Rg2+ 44. Kh1 Re2+ 45. Qf3 Re3 46. Qxc6
bxc6 47. Rc1 Rxb3 48. Rxc6 Rxh3+ 49. Kg2 Rh6 50. Rc7+ Kf8 51. Kg3 Kg8 52. Ra7
Rc6 53. Kh4 h6 54. Kh5 Rd6 55. a5 Kf8 56. Rb7 Rd5+ 57. Kxh6 Rxa5 58. Kg6 Rc5
59. g5 a5 60. Ra7 Rc6+ 61. Kh5 1-0

[Event "Landesklasse Ost 2011/2012"]
[Site "?"]
[Date "2011.01.08"]
[Round "5"]
[White "Petzold, Thomas"]
[Black "Sunderbrink, Heino"]
[Result "0-1"]
[WhiteElo "1886"]
[BlackElo "1926"]
[PlyCount "60"]
[EventDate "2011.??.??"]
[WhiteTeam "MTV 1876 Saalfeld"]
[BlackTeam "SV Medizin Erfurt"]

1. Nf3 Nf6 2. c4 e6 3. Nc3 d5 4. d4 c6 5. e3 Be7 6. Bd3 Nbd7 7. e4 dxe4 8. Nxe4
Nxe4 9. Bxe4 Nf6 10. Bc2 O-O 11. O-O c5 12. Be3 Qc7 13. Qe2 b6 14. Rad1 Bb7 15.
Bg5 Ng4 16. d5 Bxg5 17. d6 Qc6 18. Bxh7+ Kh8 19. Rfe1 Bf6 20. Be4 Qxe4 21. Qxe4
Bxe4 22. Rxe4 Nh6 23. g4 Bxb2 24. g5 Nf5 25. g6 fxg6 26. Rxe6 Nd4 27. Nxd4 Bxd4
28. Rd2 Rf6 29. Rxf6 Bxf6 30. d7 Rd8 0-1

[Event "Landesklasse Ost 2011/2012"]
[Site "?"]
[Date "2011.01.08"]
[Round "5"]
[White "Rost, Detlef"]
[Black "Krämer, Alexander"]
[Result "0-1"]
[WhiteElo "1860"]
[BlackElo "1861"]
[PlyCount "76"]
[EventDate "2011.??.??"]
[WhiteTeam "SV Medizin Erfurt"]
[BlackTeam "MTV 1876 Saalfeld"]

1. d4 d5 2. c4 e6 3. Nf3 Nf6 4. Nc3 Nbd7 5. Bg5 Be7 6. e3 O-O 7. Qc2 b6 8. cxd5
exd5 9. Bd3 Bb7 10. O-O h6 11. Bh4 c5 12. Rac1 Re8 13. Rfd1 c4 14. Bf5 Nf8 15.
Ne5 N6d7 16. Bg3 Bf6 17. Nxd7 Nxd7 18. Nb5 Bc6 19. Nc7 Nf8 20. Rb1 g6 21. Bg4
h5 22. Nxe8 hxg4 23. Nxf6+ Qxf6 24. Qd2 Qe7 25. Qe2 Bd7 26. Rbc1 Bf5 27. f3
gxf3 28. gxf3 Re8 29. Re1 Bd3 30. Qf2 Ne6 31. Kh1 Qd7 32. Be5 Ng5 33. Rc3 Qf5
34. Rxd3 cxd3 35. Rf1 Rc8 36. h4 Rc2 37. Qg3 Qh3+ 38. Qxh3 Nxh3 0-1

[Event "Landesklasse Ost 2011/2012"]
[Site "?"]
[Date "2011.01.08"]
[Round "5"]
[White "Böhl, Dietmar"]
[Black "Fischer, Kay"]
[Result "1-0"]
[WhiteElo "1851"]
[BlackElo "1886"]
[PlyCount "87"]
[EventDate "2011.??.??"]
[WhiteTeam "MTV 1876 Saalfeld"]
[BlackTeam "SV Medizin Erfurt"]

1. e4 e6 2. Nf3 d5 3. e5 c5 4. g3 Nc6 5. Bg2 Qc7 6. Qe2 Nge7 7. O-O Nf5 8. c3
Be7 9. Na3 a6 10. Nc2 Bd7 11. d3 h6 12. Ne3 Nxe3 13. Qxe3 g5 14. h3 O-O-O 15.
d4 cxd4 16. cxd4 f5 17. exf6 Bxf6 18. Bd2 Kb8 19. Rfc1 Qb6 20. Bc3 Rc8 21. b4
Rc7 22. a4 Rhc8 23. Bd2 Bxd4 24. Nxd4 Qxd4 25. b5 Qxe3 26. Bxe3 Nb4 27. Rxc7
Rxc7 28. Rb1 Rc4 29. Bf1 Re4 30. bxa6 bxa6 31. Bxa6 Ka8 32. Bf1 Na2 33. a5 Rb4
34. Ra1 Nc3 35. Rc1 d4 36. Bxd4 Rxd4 37. Rxc3 Rd1 38. Rd3 Ba4 39. Rxd1 Bxd1 40.
f4 Bb3 41. Kf2 Kb8 42. Ke3 Kc7 43. Kd4 Kd6 44. Bg2 1-0

[Event "Landesklasse Ost 2011/2012"]
[Site "?"]
[Date "2011.01.08"]
[Round "5"]
[White "Stockum, René"]
[Black "Wagner, Ronald"]
[Result "1/2-1/2"]
[WhiteElo "1763"]
[BlackElo "1761"]
[PlyCount "34"]
[EventDate "2011.??.??"]
[WhiteTeam "SV Medizin Erfurt"]
[BlackTeam "MTV 1876 Saalfeld"]

1. d4 Nf6 2. c4 e6 3. Nc3 Bb4 4. Nf3 Bxc3+ 5. bxc3 Ne4 6. Qc2 f5 7. e3 b6 8.
Bd3 Bb7 9. O-O O-O 10. Rb1 d6 11. a4 a5 12. Ba3 Nd7 13. Nd2 Nxd2 14. Qxd2 Be4
15. f3 Bxd3 16. Qxd3 Nf6 17. Rfd1 Qd7 1/2-1/2

[Event "Landesklasse Ost 2011/2012"]
[Site "?"]
[Date "2011.01.08"]
[Round "5"]
[White "Müller, Robert"]
[Black "Stumm, Rainer"]
[Result "1/2-1/2"]
[WhiteElo "1726"]
[BlackElo "1587"]
[PlyCount "57"]
[EventDate "2011.??.??"]
[WhiteTeam "MTV 1876 Saalfeld"]
[BlackTeam "SV Medizin Erfurt"]

1. e4 e5 2. Nf3 Nc6 3. Bb5 a6 4. Ba4 d6 5. O-O Be7 6. d3 f5 7. Re1 Nf6 8. Bb3
Na5 9. c3 fxe4 10. dxe4 Nxb3 11. Qxb3 Nh5 12. Be3 Qd7 13. Nbd2 Qe6 14. Qxe6
Bxe6 15. b3 h6 16. Rad1 O-O-O 17. Rf1 g5 18. Ne1 Bg4 19. f3 Bd7 20. g4 Nf4 21.
Bxf4 gxf4 22. Kg2 h5 23. h3 Rdg8 24. Rh1 Rh7 25. Nd3 Rgh8 26. Rdg1 c6 27. Rd1
Be6 28. c4 Kc7 29. Rdg1 1/2-1/2

[Event "Landesklasse Ost 2011/2012"]
[Site "?"]
[Date "2011.01.08"]
[Round "5"]
[White "Kohl, Gerald"]
[Black "Kania, Markus"]
[Result "1-0"]
[WhiteElo "1624"]
[BlackElo "1470"]
[PlyCount "49"]
[EventDate "2011.??.??"]
[WhiteTeam "SV Medizin Erfurt"]
[BlackTeam "MTV 1876 Saalfeld"]

1. d4 Nf6 2. c4 g6 3. Nc3 d5 4. cxd5 Nxd5 5. g3 Nxc3 6. bxc3 Bg7 7. Nf3 c5 8.
Bg2 Qa5 9. Bd2 Nc6 10. O-O O-O 11. Qb3 cxd4 12. cxd4 Qc7 13. Rac1 Qd6 14. d5
Nd4 15. Nxd4 Bxd4 16. Rc4 Bg7 17. Rfc1 Re8 18. Rc7 a6 19. Bb4 Qe5 20. e3 Rb8
21. Bxe7 Rxe7 22. Rxc8+ Rxc8 23. Rxc8+ Bf8 24. Qc3 Qd6 25. Rxf8+ 1-0

[Event "Landesklasse Ost 2011/2012"]
[Site "?"]
[Date "2011.01.08"]
[Round "5"]
[White "Krüger, Daniel"]
[Black "Spittel, Ulrich"]
[Result "0-1"]
[WhiteElo "1572"]
[BlackElo "1848"]
[PlyCount "48"]
[EventDate "2011.??.??"]
[WhiteTeam "MTV 1876 Saalfeld"]
[BlackTeam "SV Medizin Erfurt"]

1. c4 Nf6 2. Nc3 g6 3. e4 d6 4. d4 Bg7 5. Nf3 O-O 6. Be2 c5 7. dxc5 dxc5 8. Qc2
Nc6 9. Bf4 Nh5 10. Bg3 Nd4 11. Nxd4 cxd4 12. Nd5 Nxg3 13. hxg3 e5 14. g4 Be6
15. Qd3 Bxd5 16. exd5 e4 17. Qxe4 Qa5+ 18. Kf1 Rfe8 19. Qd3 Re5 20. Qh3 Rae8
21. Qd3 Rxe2 22. Qxe2 Rxe2 23. Kxe2 Qb4 24. Rhe1 Qxc4+ 0-1

[Event "Landesklasse Ost 2011/2012"]
[Site "?"]
[Date "2011.01.08"]
[Round "5"]
[White "Gläßl, Matthias"]
[Black "Mysliwiec, Jörg"]
[Result "1/2-1/2"]
[WhiteElo "2049"]
[BlackElo "1998"]
[PlyCount "100"]
[EventDate "2011.??.??"]
[WhiteTeam "ESV Gera"]
[BlackTeam "SSV Vimaria 91 Weimar"]

1. e4 c6 2. d4 d5 3. e5 Bf5 4. Nc3 e6 5. g4 Bg6 6. Nge2 Nd7 7. h4 h6 8. Nf4 Bh7
9. Bd3 Bxd3 10. Nxd3 Ne7 11. Ne2 h5 12. f3 c5 13. c3 Nc6 14. Bg5 Qb6 15. Qb3
Qa6 16. Ndf4 cxd4 17. cxd4 hxg4 18. fxg4 Bb4+ 19. Kd1 Rc8 20. a3 Nb6 21. Nd3
Bf8 22. Rc1 Nc4 23. a4 Be7 24. Bxe7 Nxe7 25. Nc5 Qa5 26. Rc3 b6 27. Nb7 Qa6 28.
Nd6+ Nxd6 29. exd6 Nc6 30. Qb5 Qb7 31. a5 O-O 32. axb6 axb6 33. Rb3 Qd7 34.
Qxb6 Qxd6 35. Rhh3 e5 36. Rbc3 Qd7 37. Rhg3 exd4 38. Nxd4 Ne5 39. Qb5 Qxb5 40.
Nxb5 Rb8 41. Rc5 Rfd8 42. b3 Rb7 43. Kd2 Kf8 44. Kc3 Ke7 45. Re3 f6 46. Nd4 Kd6
47. b4 Ra8 48. Nf5+ Ke6 49. Nd4+ Kd6 50. Nf5+ Ke6 1/2-1/2

[Event "Landesklasse Ost 2011/2012"]
[Site "?"]
[Date "2011.01.08"]
[Round "5"]
[White "Schawelka, Karl"]
[Black "Puschendorf, Steffen"]
[Result "1-0"]
[WhiteElo "1941"]
[BlackElo "2077"]
[PlyCount "97"]
[EventDate "2011.??.??"]
[WhiteTeam "SSV Vimaria 91 Weimar"]
[BlackTeam "ESV Gera"]

1. d4 Nf6 2. c4 g6 3. Nc3 Bg7 4. e4 d6 5. f3 O-O 6. Be3 Nc6 7. Nge2 a6 8. Qd2
Rb8 9. Ng3 Re8 10. Bd3 e5 11. d5 Nd4 12. O-O c5 13. dxc6 bxc6 14. Nge2 Qb6 15.
b3 Bh6 16. Bxd4 Bxd2 17. Bxb6 Rxb6 18. Rad1 Be3+ 19. Kh1 Rb8 20. Bc2 Bc5 21.
Rd3 Be6 22. Rfd1 Rbd8 23. Na4 Bb4 24. Nec3 Kf8 25. g4 g5 26. Kg2 h5 27. h3 Ke7
28. Nb6 Bc5 29. Nba4 Ba7 30. Ne2 hxg4 31. hxg4 d5 32. cxd5 cxd5 33. Rc3 Rc8 34.
Kg3 d4 35. Rxc8 Rxc8 36. Bd3 a5 37. Rc1 Rxc1 38. Nxc1 Nd7 39. Bb5 Kd6 40. Nd3
f6 41. Kf2 Bc5 42. Bxd7 Bxd7 43. Naxc5 Bc8 44. Ke1 Kc6 45. Kd2 Kb5 46. Kc2 Kb6
47. Kb2 Kc6 48. a3 Kb5 49. b4 1-0

[Event "Landesklasse Ost 2011/2012"]
[Site "?"]
[Date "2011.01.08"]
[Round "5"]
[White "Schmidt, Frank"]
[Black "Scheitz, Michael"]
[Result "1-0"]
[WhiteElo "1937"]
[BlackElo "1890"]
[PlyCount "105"]
[EventDate "2011.??.??"]
[WhiteTeam "ESV Gera"]
[BlackTeam "SSV Vimaria 91 Weimar"]

1. d4 d5 2. c4 dxc4 3. e3 c5 4. Nf3 cxd4 5. exd4 Nf6 6. Bxc4 e6 7. O-O Be7 8.
Nc3 O-O 9. Qe2 a6 10. Bb3 Nc6 11. Rd1 Na5 12. Bc2 b5 13. Ne5 Bb7 14. Ng4 Rc8
15. Nxf6+ Bxf6 16. Bf4 Nc4 17. Rd3 Nxb2 18. Rg3 g6 19. Be5 Nc4 20. Be4 Bxe4 21.
Qxe4 b4 22. Bxf6 Qxf6 23. Ne2 Nd6 24. Qd3 Nb5 25. Rf3 Qe7 26. Qd2 Rfd8 27. Rd1
Rc4 28. Rd3 Nc7 29. Qh6 Qf8 30. Qg5 Nd5 31. h4 h6 32. Qg3 Rdc8 33. Qf3 Rc2 34.
a3 bxa3 35. Kf1 a2 36. Ra3 Nb4 37. Qb3 Qd6 38. g3 R8c4 39. Ra4 Qd5 40. Rxb4
Qh1+ 41. Ng1 R4c3 42. Rb8+ Kg7 43. Qb4 Qd5 44. Qf8+ Kf6 45. Qh8+ Kf5 46. Qxh6
Rxf2+ 47. Kxf2 Rc2+ 48. Ne2 Rxe2+ 49. Kxe2 Qg2+ 50. Kd3 Qf3+ 51. Kc2 Qxd1+ 52.
Kxd1 a1=Q+ 53. Ke2 1-0

[Event "Landesklasse Ost 2011/2012"]
[Site "?"]
[Date "2011.01.08"]
[Round "5"]
[White "Weiß, Thomas"]
[Black "Hoffmann, Tim"]
[Result "1/2-1/2"]
[WhiteElo "1920"]
[BlackElo "1895"]
[PlyCount "93"]
[EventDate "2011.??.??"]
[WhiteTeam "SSV Vimaria 91 Weimar"]
[BlackTeam "ESV Gera"]

1. d4 Nf6 2. Nf3 g6 3. c4 c5 4. d5 e6 5. Nc3 exd5 6. cxd5 d6 7. Bf4 a6 8. a4 b6
9. e4 Bg7 10. h3 O-O 11. Nd2 Re8 12. Be2 Bb7 13. Qc2 Qc7 14. Nc4 Bf8 15. O-O
Nbd7 16. Bg5 Bg7 17. f4 Rab8 18. Rad1 h6 19. Bh4 Nh7 20. Bg3 Bxc3 21. bxc3 b5
22. axb5 axb5 23. Ne3 c4 24. Kh1 Qb6 25. Ng4 h5 26. Bf2 Nc5 27. Nh2 Nf6 28. Bf3
Qc7 29. e5 Nh7 30. Bd4 Nd3 31. Rxd3 cxd3 32. Qxd3 Qc4 33. Qxc4 bxc4 34. Rb1 Ba8
35. Ra1 Rb5 36. g4 dxe5 37. fxe5 Bxd5 38. gxh5 gxh5 39. Rg1+ Kf8 40. Bxd5 Rxd5
41. Nf3 Re6 42. Nd2 Rc6 43. Ne4 Rg6 44. Rf1 Ng5 45. Nd6 h4 46. Nxc4 Ne4 47. Rf4
1/2-1/2

[Event "Landesklasse Ost 2011/2012"]
[Site "?"]
[Date "2011.01.08"]
[Round "5"]
[White "Senf, Paul"]
[Black "Vogel, Steffen"]
[Result "0-1"]
[WhiteElo "1734"]
[BlackElo "1804"]
[PlyCount "62"]
[EventDate "2011.??.??"]
[WhiteTeam "ESV Gera"]
[BlackTeam "SSV Vimaria 91 Weimar"]

1. e4 e5 2. Nf3 d6 3. d4 Nf6 4. Nc3 Nbd7 5. Bc4 Be7 6. O-O O-O 7. h3 c6 8. Bb3
b5 9. a3 a5 10. d5 cxd5 11. Bxd5 Rb8 12. Be3 b4 13. axb4 axb4 14. Ne2 Nxd5 15.
Qxd5 Nf6 16. Qd3 Bb7 17. Ng3 Qc7 18. Nd2 d5 19. Ra7 Rfd8 20. Qb5 Qd7 21. Qb6
Rdc8 22. Rc1 d4 23. Bg5 Bc5 24. Rxb7 Qxb7 25. Qxb7 Rxb7 26. Nc4 Nd7 27. Nf5 Ra8
28. Ne7+ Kf8 29. Nc6 f6 30. Bd2 Rb5 31. Kh1 Ra6 0-1